| 000 | 01113nam a22003377a 4500 | ||
|---|---|---|---|
| 003 | CHAP | ||
| 005 | 20220329135047.0 | ||
| 008 | 971013s1979 r 10010 d | ||
| 010 | _a30298 | ||
| 011 | _a31270 | ||
| 035 | _a35382 | ||
| 040 | _cCHAP | ||
| 082 |
_a633.15 _bC64 1978 |
||
| 111 | 0 | 0 |
_aCorn & Sorghum Research Conference. Annual ( _n33 _d: 1978 _c: Chicago, Ill.) _928017 |
| 245 | _aReport | ||
| 260 |
_aWashington : _bAmerican Seed Trade Association, _c(1979?) |
||
| 300 |
_a237 p. _b: ilus. |
||
| 490 |
_aPublication _v; 33 |
||
| 590 |
_aBATCH-UPD _b10 _c20130110 _lUCH01 _h0252 |
||
| 590 |
_aBATCH-UPD _b10 _c20130110 _lUCH01 _h1449 |
||
| 590 |
_aBATCH-UPD _b10 _c20130409 _lUCH01 _h2322 |
||
| 590 |
_aBATCH-UPD _b10 _c20130410 _lUCH01 _h1455 |
||
| 590 |
_aBATCH-UPD _b10 _c20130914 _lUCH01 _h1049 |
||
| 590 |
_aCONVERSION _b10 _c20130109 _lUCH01 _h1317 |
||
| 650 | 1 | 4 |
_aMaíz _xInvestigación. _970984 |
| 650 | 1 | 4 |
_aSorgo _xInvestigación. _9108686 |
| 830 | 0 |
_aPublication _v; 33 _992792 |
|
| 901 | _aBK | ||
| 942 | _cLIBRO | ||
| 949 |
_a633.15 C64 1978 _bBC _cLIBRO _d33724000193744 _eLIBRO _h57813 _i35382 _mD _si |
||
| 999 |
_c30298 _d30298 |
||